00861nam a2200169Ia 4500008004100000082001400041100001300055245004000068260003100108300000800139650004600147942001200193999001500205952015300220952015900373952015900532191201s2019 xx 000 0 und d a572.3 KUB aKUMAR, N 0aBiochemistry and clinical pathology bAITBS PubaNew Delhic2019 a241 aApplied Biochemistry & Clinical Chemistry 2ddccBK c8199d8199 00102ddc40708DPaPIETbPIETcR05d2019-03-25eKirti Prakashang210.00kIN 3049l0o572.3 KUBpDP19r2019-12-04 00:00:00v136.50w2019-03-08yREF 00102ddc40708DPaPIETbPIETd2019-03-25eKirti Prakashang210.00kIN 3049l2o572.3 KUBpDP20r2025-06-19 00:00:00s2025-06-13v136.50w2019-03-08yBK 00102ddc40708DPaPIETbPIETd2019-03-25eKirti Prakashang210.00kIN 3049l3o572.3 KUBpDP21r2024-06-05 00:00:00s2024-05-16v136.50w2019-03-08yBK